Normal view
MARC view
Entry Nome pessoal
001 - NÚMERO DE CONTROLE
- campo de controle: 177
003 - IDENTIFICADOR DO NÚMERO DE CONTROLE
- campo de controle: Br
005 - DATA E HORÁRIO DA ÚLTIMA TRANSAÇÃO
- campo de controle: 20250123094906.0
008 - CAMPO DE DADOS FIXOS
- campo de controle de tamanho fixo: 971125n| acnnnaab| aaaa |d
035 ## - NÚMERO DE CONTROLE DO SISTEMA
- Número de Controle do Sistema: 98013013591140E10
040 ## - FONTE DA CATALOGAÇÃO
- Instituição da catalogação original: Br
- Instituição que transcreveu o registro: Br
100 1# - CABEÇALHO--NOME PESSOAL
- Nome pessoal: Brontë, Emily,
- Datas associadas ao nome: 1818-1848
400 1# - REMISSIVA VER--NOME PESSOAL
- Nome pessoal: Brontë, Emily Jane
- Datas associadas ao nome: 1818-1848
670 ## - FONTE POSITIVA DOS DADOS
- Citação da fonte positiva dos dados: Autora de: O morro dos ventos uivantes. 1982.
670 ## - FONTE POSITIVA DOS DADOS
- Citação da fonte positiva dos dados: http://catalogue.bl.uk 16/6/10
- Dados encontrados na fonte localizada no subcampo: (D.)
670 ## - FONTE POSITIVA DOS DADOS
- Citação da fonte positiva dos dados: http://authorities.loc.gov
- Dados encontrados na fonte localizada no subcampo: (D., rem.)
670 ## - FONTE POSITIVA DOS DADOS
- Citação da fonte positiva dos dados: http://pt.wikipedia.org/wiki/Emily_Bront%C3%AB
- Dados encontrados na fonte localizada no subcampo: (escritora e poetisa britânica; D.)